| 000 | 00755nam a22002177a 4500 | ||
|---|---|---|---|
| 999 |
_c1473 _d1473 |
||
| 003 | AR-CdUCM | ||
| 008 | 190227b ||||| |||| 00| 0 spa d | ||
| 040 |
_aMUNICIPALIDAD PROVINCIAL DEL CUSCO _cBIBLIOTECA MUNICIPAL DEL CUSCO |
||
| 082 |
_a869.567 / _bSA18 |
||
| 100 |
_aSalazar Bondy, Sebastìan _9906 |
||
| 245 | _aMil años de poesía peruana / | ||
| 260 |
_aLima : _b Populibros Peruanos S.A, |
||
| 300 |
_a142 páginas ; _c17 cm. |
||
| 440 |
_aPopulibros peruanos _95597 |
||
| 505 | _aPoesía quechua -- Poesía de la conquista y la colonia -- Poesía pre-romántica y romántica -- poesía modernista ... | ||
| 650 |
_aPoesía. _9139 |
||
| 650 |
_aPerú. _935 |
||
| 650 |
_aQuechua. _92063 |
||
| 942 |
_2ddc _cLIBROS |
||
| 945 |
_apjha _d2019-05-02 |
||